| 000 -CABECERA |
| campo de control de longitud fija |
00675nam a2200217 u 4500 |
| 001 - NÚMERO DE CONTROL |
| campo de control |
000061403 |
| 005 - FECHA Y HORA DE LA ÚLTIMA TRANSACCIÓN |
| campo de control |
20200120224017.0 |
| 008 - DATOS DE LONGITUD FIJA--INFORMACIÓN GENERAL |
| campo de control de longitud fija |
140703s2013 cau r 000 0 spa d |
| 090 00 - LOCALMENTE ASIGNADO TIPO-LC NÚMERO DE CLASIFICACIÓN (OCLC); NÚMERO DE CLASIFICACIÓN LOCAL (RLIN) |
| Número de clasificación (OCLC) (R) ; Numero de clasificación, CALL (RLIN) (NR) |
ACA |
| Número cutter local (OCLC) ; Número de libro/Signatura topográfica íntegra, CALL (RLIN) |
REY |
| 100 1# - ENTRADA PRINCIPAL--NOMBRE DE PERSONA |
| Nombre de persona |
Reyes, Emma |
| 245 10 - MENCIÓN DE TÍTULO |
| Título |
Memoria por correspondencia / |
| Mención de responsabilidad, etc. |
Emma Reyes. |
| 250 ## - MENCIÓN DE EDICIÓN |
| Mención de edición |
4a. ed. |
| 260 ## - PUBLICACIÓN, DISTRIBUCIÓN, ETC. |
| Lugar de publicación, distribución, etc. |
Bogotá : |
| Nombre del editor, distribuidor, etc. |
Laguna libros, |
| Fecha de publicación, distribución, etc. |
2013. |
| 300 ## - DESCRIPCIÓN FÍSICA |
| Extensión |
211 p. ; |
| Material acompañante/anejo |
20 cm. |
| 490 #0 - MENCIÓN DE SERIE |
| Mención de serie |
Laguna crónica |
| 500 ## - NOTA GENERAL |
| Nota general |
Incluye índice |
| 650 17 - PUNTO DE ACCESO ADICIONAL DE MATERIA--TÉRMINO DE MATERIA |
| Término de materia o nombre geográfico como elemento de entrada |
Cartas colombianas |
| Subdivisión cronológica |
Siglo XX |
| Fuente del encabezamiento o término |
LEMB |
| 650 27 - PUNTO DE ACCESO ADICIONAL DE MATERIA--TÉRMINO DE MATERIA |
| Término de materia o nombre geográfico como elemento de entrada |
Reyes, Emma |
| Subdivisión cronológica |
1919-2003 |
| Subdivisión de forma |
Correspondencia, memorias, etc. |
| Fuente del encabezamiento o término |
LEMB |
| 650 27 - PUNTO DE ACCESO ADICIONAL DE MATERIA--TÉRMINO DE MATERIA |
| Término de materia o nombre geográfico como elemento de entrada |
Reyes, Emma, |
| Subdivisión cronológica |
1919-2003 |
| Subdivisión de forma |
Autobiografías |
| Fuente del encabezamiento o término |
LEMB |
| 650 27 - PUNTO DE ACCESO ADICIONAL DE MATERIA--TÉRMINO DE MATERIA |
| Término de materia o nombre geográfico como elemento de entrada |
Literatura colombiana |
| Fuente del encabezamiento o término |
LEMB |